Cartas a quien pretende enseñar

Tallennettuna:
Bibliografiset tiedot
Päätekijä: Freire, Paulo (autor)
Aineistotyyppi: Kirja
Kieli:espanja
Julkaistu: Ciudad de México Siglo XXI 1997
Painos:3a. ed
Sarja:Educación
Aiheet:
Tagit: Lisää tagi
Ei tageja, Lisää ensimmäinen tagi!

MARC

LEADER 00000nam a2200000 a 4500
001 UCH7322
003 CL-VaPUC
008 091109e19970000MX |||||||||||||||||spa|d
020 |a 9682319447 
082 0 4 |a 371.1  |b FRE  |2 21 
100 |a Freire, Paulo  |e autor  |9 352356 
245 1 0 |a Cartas a quien pretende enseñar 
250 |a 3a. ed 
300 |a 141 p 
942 |c BK 
945 |d 20091109 00:00:00  |a lazolas 
260 |a Ciudad de México  |b Siglo XXI  |c 1997 
650 0 |a Formación profesional de profesores  |9 307493 
650 0 |a Filosofía de la educación   |9 258384 
650 0 |a Sociología de la educación   |9 260380 
650 0 |a Docentes  |9 311365 
583 |a last modification  |c 20091109 00:00:00  |k Rodrigo Vera 
490 0 |a Educación 
999 |c 337975  |d 337973